000 00323nam a22001337a 4500
020 _a9789987609260
082 _a346,022 NDI
100 _aNditi,Nicholas.n.n
245 _aContract law
250 _a1ed
260 _aDar es salaam
_bNicholas nicholas Ngondo nditi,
_c2004
300 _axxii,389pg
_bill.,21cm
942 _cBK
999 _c18158
_d18158